|
|
|
|
| LEADER |
01031nam a2200265 4500 |
| 001 |
00023389 |
| 008 |
111121s2003 bg w 000 0 mul d |
| 040 |
|
|
|a BD-DhAAL
|c BD-DhAAL
|
| 082 |
0 |
0 |
|a 348.5492/046
|2 22
|
| 130 |
0 |
|
|a BLD
|
| 245 |
0 |
0 |
|a Bangladesh Legal Decisions,
|n volume no.23 /
|c editor Shirin Sharmin Chaudhury
|
| 246 |
1 |
7 |
|a B.L.D.
|
| 260 |
|
|
|a Dhaka :
|b Bangladesh Bar Council,
|c 2003
|
| 300 |
|
|
|a Various pagings ;
|c 24 cm.
|
| 362 |
0 |
|
|a Vol.XXIII,2003
|
| 500 |
|
|
|a REGN. NO. DA513, Volume XXIII
|
| 500 |
|
|
|a Appellate Div.High Court Div. BD, Statutes
|
| 590 |
|
|
|a Published yearly.
|
| 541 |
|
|
|e 00023389
|
| 650 |
|
0 |
|a Law reports, digests, etc.
|z Bangladesh.
|
| 700 |
1 |
|
|a Chaudhury,Shirin Sharmin
|
| 710 |
1 |
|
|a Bangladesh Bar Council.
|
| 852 |
1 |
|
|a Ayesha Abed Library
|j General shelf
|
| 999 |
|
|
|c 11465
|d 11465
|
| 952 |
|
|
|0 0
|1 0
|2 ddc
|4 0
|6 348_549204600000000_BAN
|7 0
|9 18627
|a BRACUL
|b BRACUL
|c REF
|d 2011-11-21
|l 0
|o 348.5492046 BAN
|p 3010023389
|r 2011-11-21
|t 1
|w 2011-11-21
|y RSV
|x Previously missing book recovered on 11 January 2026
|